000 00719nam a2200193Ia 4500
003 GCL
008 140319s9999 xx 000 0 ara d
020 _a5849801977
040 _aGCL /
_cGCL
082 0 4 _aم
_b953.03
_bم م
100 1 _aمصطفى عبدالغنى
245 1 0 _aمعجم مصطلحات التاريخ العربى الحديث والمعاصر /
_cمصطفى عبدالغنى
260 _aالقاهرة :
_bالهيئة المصرية العامة للكتاب ،
_c2003
300 _a964 ص ؛
_c32 سم
650 0 4 _aالمعاجم
650 0 4 _aالتاريخ الاسلامى - تراجم
650 0 4 _aالعالم العربى - تاريخ - العصر الحديث
942 _2ddc
_cBK
999 _c56892
_d56892